Países y mares (Tercer manuscrito).

Gespeichert in:
Bibliographische Detailangaben
1. Verfasser: Pla Cargol, Joaquín. Autor, Profesor
Format: keine Angabe
Sprache:Spanisch
Erschienen: Gerona Dalmau Carles, Pla, S.A.
Ausgabe:Nueva
Katalog:MANES:  Suchergebnis im Bibliothekskatalog
Schulbuchspezifische Eigenschaften:
Tags: Tag hinzufügen
Keine Tags, Fügen Sie den ersten Tag hinzu!
Hinzugefügt zu:26.04.2016
Geändert in:07.05.2025

MARC

LEADER 000000000a22000000004500
001 07575
003 OSt
005 20250507133319.0
008 160427s sp ||||| |||| 00| 0 spa d
040 |c centro_manes 
041 1 |a spa 
561 |5 es-CICE  |a España. Centro Internacional de la Cultura Escolar  |k MANES 
691 0 |a PRI 
100 1 |a Pla Cargol, Joaquín. Autor, Profesor  |9 2693 
245 0 0 |a Países y mares (Tercer manuscrito). 
250 |a Nueva 
260 3 |a Gerona  |b Dalmau Carles, Pla, S.A. 
300 |a 423 p.  |c 18,5 x 13 cm 
500 |a Editado en Cartoné. Declarada útil por Decreto 3 de Febrero de 1931. 
690 0 |a GEO 
942 |2 ddc  |c BK 
546 |a España 
999 |c 13549  |d 13549 
999 |c manes:13549  |d 13549